Stem cell-based tissue repair / (Record no. 329242)

000 -LEADER
fixed length control field 01646cam a22004337a 4500
001 - CONTROL NUMBER
control field 17506849
003 - CONTROL NUMBER IDENTIFIER
control field ASAB
005 - DATE AND TIME OF LATEST TRANSACTION
control field 20170428120823.0
008 - FIXED-LENGTH DATA ELEMENTS--GENERAL INFORMATION
fixed length control field 121024s2011 enka b 001 0 eng c
010 ## - LIBRARY OF CONGRESS CONTROL NUMBER
LC control number 2012419805
015 ## - NATIONAL BIBLIOGRAPHY NUMBER
National bibliography number GBB099359
Source bnb
016 7# - NATIONAL BIBLIOGRAPHIC AGENCY CONTROL NUMBER
Record control number 101553941
Source DNLM
016 7# - NATIONAL BIBLIOGRAPHIC AGENCY CONTROL NUMBER
Record control number 015630615
Source Uk
020 ## - INTERNATIONAL STANDARD BOOK NUMBER
International Standard Book Number 9781849730013
020 ## - INTERNATIONAL STANDARD BOOK NUMBER
International Standard Book Number 1849730016
035 ## - SYSTEM CONTROL NUMBER
System control number (OCoLC)ocn696741569
040 ## - CATALOGING SOURCE
Transcribing agency ASAB
042 ## - AUTHENTICATION CODE
Authentication code pcc
050 00 - LIBRARY OF CONGRESS CALL NUMBER
Classification number QH588.S83
Item number S738773 2011
060 00 - NATIONAL LIBRARY OF MEDICINE CALL NUMBER
Classification number 2011 B-694
060 10 - NATIONAL LIBRARY OF MEDICINE CALL NUMBER
Classification number QU 325
082 ## - DEWEY DECIMAL CLASSIFICATION NUMBER
Classification number 616.02
245 00 - TITLE STATEMENT
Title Stem cell-based tissue repair /
Statement of responsibility, etc. edited by Raphael Gorodetsky, Richard Schäfer.
260 ## - PUBLICATION, DISTRIBUTION, ETC.
Place of publication, distribution, etc. Cambridge, UK :
Name of publisher, distributor, etc. RSC Pub.,
Date of publication, distribution, etc. c2011.
300 ## - PHYSICAL DESCRIPTION
Extent xii, 391 p. :
Other physical details ill.
Dimensions 24 cm.
504 ## - BIBLIOGRAPHY, ETC. NOTE
Bibliography, etc. note Includes bibliographical references and index.
650 #0 - SUBJECT ADDED ENTRY--TOPICAL TERM
Topical term or geographic name entry element Stem cells
General subdivision Therapeutic use.
650 #0 - SUBJECT ADDED ENTRY--TOPICAL TERM
Topical term or geographic name entry element Tissues.
650 #0 - SUBJECT ADDED ENTRY--TOPICAL TERM
Topical term or geographic name entry element Regeneration (Biology)
650 12 - SUBJECT ADDED ENTRY--TOPICAL TERM
Topical term or geographic name entry element Stem Cells.
650 22 - SUBJECT ADDED ENTRY--TOPICAL TERM
Topical term or geographic name entry element Regeneration.
650 22 - SUBJECT ADDED ENTRY--TOPICAL TERM
Topical term or geographic name entry element Tissues.
700 1# - ADDED ENTRY--PERSONAL NAME
Personal name Gorodetsky, Raphael.
700 1# - ADDED ENTRY--PERSONAL NAME
Personal name Schäfer, Richard,
Dates associated with a name 1970-
710 2# - ADDED ENTRY--CORPORATE NAME
Corporate name or jurisdiction name as entry element Royal Society of Chemistry (Great Britain)
856 42 - ELECTRONIC LOCATION AND ACCESS
Materials specified Contributor biographical information
Uniform Resource Identifier <a href="http://www.loc.gov/catdir/enhancements/fy1304/2012419805-b.html">http://www.loc.gov/catdir/enhancements/fy1304/2012419805-b.html</a>
856 42 - ELECTRONIC LOCATION AND ACCESS
Materials specified Publisher description
Uniform Resource Identifier <a href="http://www.loc.gov/catdir/enhancements/fy1304/2012419805-d.html">http://www.loc.gov/catdir/enhancements/fy1304/2012419805-d.html</a>
856 41 - ELECTRONIC LOCATION AND ACCESS
Materials specified Table of contents only
Uniform Resource Identifier <a href="http://www.loc.gov/catdir/enhancements/fy1304/2012419805-t.html">http://www.loc.gov/catdir/enhancements/fy1304/2012419805-t.html</a>
906 ## - LOCAL DATA ELEMENT F, LDF (RLIN)
a 7
b cbc
c pccadap
d 2
e ncip
f 20
g y-gencatlg
942 ## - ADDED ENTRY ELEMENTS (KOHA)
Source of classification or shelving scheme
Koha item type Book
Holdings
Withdrawn status Lost status Source of classification or shelving scheme Damaged status Not for loan Collection code Permanent Location Current Location Date acquired Total Checkouts Full call number Barcode Date last seen Price effective from Koha item type
            Atta-ur-Rahman School of Applied Biosciences (ASAB) Atta-ur-Rahman School of Applied Biosciences (ASAB) 04/28/2017   616.02 GOR ASAB1577 04/28/2017 04/28/2017 Book
© 2023 Central Library, National University of Sciences and Technology. All Rights Reserved.